00908nam a2200205 a 450000100100000000500170001000800410002702000180006804000250008608200150011110000350012624500380016126000340019930000210023350000710025495201280032595201130045395201190056699900170068500004210820201002035938.0131114s2013 dr 000 0 spa d a9780615675268 aDO-SdBNPbspacBNPHU axxxbC117b1 aCabrera, Esteband1967-96910810aBajo mis ojos /cEsteban Cabrera. aSanto DomingoaBúho,c2013. a277 p. ;c22 cm. aIncluye datos biográficos del autor en la solapa de la cubierta. 001054708DSaGRbGRcCTd2013-11-14iLF1l0oxxx C117bp42108-30r2020-06-25te. 3w2020-06-25yLFDSZPréstamo en sala 0010718PDaPDbPDcCTd2013-11-14iLF1l0oxxx C117bp42108-10r2020-06-25w2020-06-25yLFPDZNo se presta 0010718PDaPDbPDcCTd2013-11-14iLF1l0oxxx C117bp42108-20r2020-06-25te. 2w2020-06-25yLFPDZNo se presta c41597d41597